000 00897nam a22002177a 4500
999 _c13080
_d13080
003 AR-CdUCM
008 190411b ||||| |||| 00| 0 spa d
040 _aMUNICIPALIDAD PROVINCIAL DEL CUSCO
_cBIBLIOTECA MUNICIPAL DEL CUSCO
082 _a869.039 /
_bSA22
100 _aSánchez, Luis Alberto
_9401
245 _aProceso y contenido de la novela hispano-americana /
260 _aMadrid :
_bGredos,
_c1953.
300 _a664 páginas ;
_c19 cm.
440 _aBiblioteca románica hispánica, Estudios y ensayos.
_n2
_931281
505 _aContenido: Pequeño tratado sobre la novela en general y sus resonancias americanas -- La protonovela colonial -- La novela de tendencia subjetiva -- La novela de tendencia objetiva ...
650 _aNovela latinoamericana
_9130
650 _aHistoria y crítica
_95993
650 _aLiteratura
_983
942 _2ddc
_cLIBROS
945 _aachl
_d2019-04-11